000 00340nam a2200145Ia 4500
008 230917s9999||||xx |||||||||||||| ||und||
040 _e61158
_aMAIN
041 _aEnglish
082 _a843.09 S77I
100 _aSartre, Jean-Paul
245 0 _aIron in the soul
260 _aMiddlesex
_bPenguin
_c1965
300 _a348 p.
942 _cBK
999 _c174155
_d174155